[Event "EtVas Vantaa GM"]
[Site "Myyrmanni"]
[Date "1999.07.23"]
[Round "4"]
[White "Yrjola, Jouni"]
[Black "Westerinen, Heikki MJ"]
[Result "1/2-1/2"]
[WhiteElo "2412"]
[BlackElo "2382"]
[Annotator "Donev,I"]
[PlyCount "51"]
[EventDate "1999.07.20"]
[EventType "tourn"]
[EventRounds "9"]
[EventCountry "FIN"]
[EventCategory "8"]
[SourceTitle "CBM 072"]
[Source "ChessBase"]
[SourceDate "1999.10.01"]
[SourceVersion "1"]
[SourceVersionDate "1999.10.01"]
[SourceQuality "1"]

1. d4 d5 2. c4 c5 {Es ist kein Zufall, dass diese seltene Variante im
Damengambit nicht auf höchstem Niveau gespielt wird. Laut der neuesten Theorie
ist diese Variante nur als Überraschung verwendbar, weil bei genauem Spiel der
Anziehende Vorteil bekommt.} 3. cxd5 Nf6 (3... Qxd5 4. Nf3 cxd4 5. Nc3 Qa5 6.
Nxd4 $32) 4. e4 ({Der einfachste weg um Vorteil zu erreichen wäre:} 4. dxc5
$142 $1 Qxd5 5. Bd2 $14 {/\Nc3,Nf3,Rc1} (5. Qxd5 Nxd5 6. e4 Nb4 7. Na3 e5 8.
Nf3 (8. Be3 a6 $2 {>=} 9. Nf3 f6 10. Nd2 Be6 11. Bc4 $1 Bxc4 12. Ndxc4 Bxc5 13.
Bxc5 Nd3+ 14. Ke2 Nxc5 15. Nb6 Ra7 16. Rac1 $1 {1-0 Szabo,L-O'Kelly de Galway,
A/Groningen 1946/MCL/}) 8... f6 9. Be3 $14)) 4... Nxe4 5. dxc5 Nxc5 {Jetzt
haben wir eine besondere Isolani-Art. Der weisse Bauer ist schon auf d5
vorgezogen und vermeidet die Entwicklung des schwarzen Damenspringers auf c6.}
6. Nc3 e5 {Schwarz beeilt sich und möchte sich von seinem rückständigen
e-Bauern befreien. So wird der Weg des Königsläufer frei und der Punkt d4
kontrolliert.} (6... e6 7. Bb5+ (7. b4) 7... Bd7 8. Bc4 Be7 9. Nf3 O-O 10. O-O
exd5 11. Nxd5 Nc6 12. Nxe7+ Qxe7 13. Bg5 Qe8 14. Re1 Be6 15. Qd6 b6 16. Bb5 Rc8
17. Ne5 Nb7 18. Qa3 {[#]. 1-0 Milov,V-Krukowski,M/Brussels 1995/EXT 97 (18)})
7. Nf3 Bd6 {Blockiert den Freibauern d5} 8. Nd2 O-O 9. Nc4 Bf5 10. Be2 Ne4 {
[%cal Ye4c3]} 11. Bd2 {Natürlich will Weiß nicht nach dem Abtausch des
Springers auf c3 mit dem Bauer zurücknehmen, weil dadurch auf der c-Linie ein
schwacher Bauer gebildet wird.} Bc5 {[%cal Yc5f2,Ye4f2]} 12. O-O Nd7 {Beide
Seiten haben die Entwicklung erfolgreich beendet. Die Stellung befindet sich
in einem dynamischen Gleichgewicht.} 13. Rc1 Nxd2 14. Qxd2 Bg6 15. d6 (15. Rfd1
$5) 15... Nb6 {Der weisse Freibauer braucht Hilfe. Jetzt droht Schwarz einen
Verteidiger des Freibauern abzutauschen - nebst Qd6.} 16. Nb5 (16. Nxb6 Qxb6
17. d7 Bd4 $1 $15 (17... Rad8 18. Na4 Qd6 19. Qxd6 Bxd6 20. Rfd1 $16)) 16...
Nxc4 17. Rxc4 Qb6 {Die Lage des Anziehenden wird langsam kritisch. Jetzt folgt
eine taktische Operation, die schließlich zum Remis führt.} 18. b4 Bxf2+ {
Für Schwarz führt kein Weg daran vorbei das Material zurückzugeben} 19. Rxf2
Qxb5 20. Rc5 {[%cal Yc5b5,Yc5e5]} Qe8 (20... Qb6 21. Rxe5 $14) 21. Bb5 Qe6 22.
Bc4 Qg4 {[%cal Yg4c4]} 23. Be2 $11 {Wegen dem Bauernnachteil muß Weiss sich
mittels Damenverfolgung mit Zugwiederholung zufrieden geben.} Qe6 24. Bc4 Qg4
25. Be2 Qe6 26. Bc4 1/2-1/2

[Event "Moscow"]
[Site "Moscow"]
[Date "1994.??.??"]
[Round "1"]
[White "Ivanov, Victor L"]
[Black "Rausis, Igors"]
[Result "1-0"]
[WhiteElo "2385"]
[BlackElo "2495"]
[Annotator "Donev,I"]
[PlyCount "43"]
[EventDate "1994.??.??"]
[EventType "tourn"]
[EventRounds "14"]
[EventCountry "RUS"]
[EventCategory "9"]
[SourceTitle "CBM 040"]
[Source "ChessBase"]
[SourceDate "1994.06.01"]
[SourceVersion "1"]
[SourceVersionDate "1994.06.01"]
[SourceQuality "1"]

1. d4 {Belov} d5 2. c4 Bf5 3. cxd5 Bxb1 4. Qa4+ c6 5. Rxb1 Qxd5 6. f3 (6. e3 {
Belov}) (6. Nf3 {Belov}) 6... Nd7 $146 (6... Nf6 7. e4 Nxe4 8. fxe4 $2 (8. Bc4
$1 Qf5 9. fxe4 Qxe4+ 10. Ne2 b5 (10... Qxb1 11. Qb3 $1 b5 (11... Qf5 12. Qxb7 {
Belov} Qa5+ 13. Bd2 Qb6 14. Qc8+ {Kishnev,S-Pronold,H/Munchen/1992/1:0 (14)/})
12. Bd3 Qa1 13. O-O $16 {/\Be3,/\Qf7}) 11. Qb3 bxc4 12. Qb7 e6 13. O-O $16 Qxe2
$6 (13... Be7 14. Qxa8 O-O 15. Qxa7 $18 (15. Qxa7 Qxb1 16. Qxe7 Qxa2 17. Bf4 {
Lorscheid,G-Stromer,A/BRD/1992/1:0 (17)/})) 14. Qxf7+ Kd8 15. Qb7 $18) 8...
Qxe4+ 9. Kd2 Qf4+ (9... Qxb1 10. Bd3 Qa1 11. Nf3 e6 12. Rf1 $44 Be7 13. Kc2 {
/\Bd2 +/-} b5 14. Qa5 Bd8 15. Qa3 Be7 16. Qa5 Bd8 17. Qa3 $10) 10. Ke1 Qe4+ 11.
Kd2 Qf4+ 12. Ke1 $10) (6... e5 $5 {Belov} 7. dxe5 Na6 {/\Bb4/} 8. a3 Nc5 9. Qc2
O-O-O $13) 7. e4 Qd6 (7... Nb6 $5 8. exd5 Nxa4 9. dxc6 bxc6 10. d5 Kd7 $5 (
10... e6 11. dxc6 Bb4+ 12. Bd2 Bxd2+ 13. Kxd2 O-O-O+ $44) 11. dxc6+ Kxc6 $13)
8. Ne2 (8. Be3 {Belov} e5 9. Ne2) 8... e5 (8... e6 9. Bf4 Qb4+ 10. Qxb4 Bxb4+
11. Nc3 Ngf6 $14) 9. Be3 Qb4+ (9... Ngf6 {Belov} 10. Rd1 Qb4+ (10... Qc7 $5)
11. Qxb4 Bxb4+ 12. Kf2 O-O-O 13. g3 $1 exd4 14. Nxd4 Ne5 15. Bh3+ $16 {Kishnev,
S-Rausis,I/Moscow/1987/1:0 (37)/}) 10. Qxb4 Bxb4+ 11. Kf2 (11. Nc3 Ngf6 12. Bc4
O-O 13. Ke2 $14 {/\Rhd1}) 11... Ne7 12. dxe5 (12. Rd1 {Belov} f5 13. Nc3 O-O
14. Bc4+ Kh8 $132) 12... Nxe5 13. Nd4 O-O (13... O-O-O $5) 14. g4 (14. Be2 {
Belov} f5 15. exf5 Nxf5 16. Nxf5 Rxf5 17. h3 $14) 14... Rfd8 15. Be2 Bc5 16.
Rhd1 Rd7 $10 (16... g5 $5 {Belov} 17. b4 Bb6 18. Nf5 N7g6 $13) 17. b4 (17. Nf5
Bxe3+ 18. Kxe3 Nxf5+ 19. gxf5 Rad8 20. Rxd7 Nxd7 $10) 17... Bb6 18. Nf5 Nxf5 (
18... N7g6 {Belov} 19. Rxd7 Nxd7 20. Rd1 Ndf8 21. a4 $16) 19. gxf5 Rad8 20.
Rxd7 Rxd7 $2 (20... Nxd7 $142 21. Rd1 Bxe3+ (21... Kf8 {Belov} 22. f4 Ke7 $14)
22. Kxe3 Kf8 $10 {/\Ke7}) 21. Bxb6 axb6 22. f4 (22. f4 {Belov} Nd3+ 23. Ke3)
1-0

[Event "Hoogovens"]
[Site "Wijk aan Zee"]
[Date "1990.01.??"]
[Round "10"]
[White "Dokhoian, Yury"]
[Black "Dlugy, Maxim"]
[Result "1/2-1/2"]
[WhiteElo "2540"]
[BlackElo "2525"]
[Annotator "Ftacnik,L"]
[PlyCount "42"]
[EventDate "1990.01.??"]
[EventType "tourn"]
[EventRounds "13"]
[EventCountry "NED"]
[EventCategory "13"]
[SourceTitle "CBM 017"]
[Source "ChessBase"]
[SourceDate "1990.08.01"]
[SourceVersion "1"]
[SourceVersionDate "1990.08.01"]
[SourceQuality "1"]

1. d4 d5 2. Nf3 c5 3. c4 cxd4 4. cxd5 Nf6 5. Qxd4 Qxd5 6. Nc3 Qxd4 7. Nxd4 Bd7
8. g3 (8. Bf4 a6 9. g3 Nc6 10. Nc2 e5 11. Bg5 Nb4 $1 12. Nxb4 Bxb4 13. Bg2 Rc8
14. O-O Bxc3 15. bxc3 Bc6 $10 {Petursson,M-Dlugy,M/Nordic-USA/1986/}) 8... Nc6
9. Nc2 e5 10. Bg2 Nd4 $1 11. Nxd4 exd4 12. Nd5 Nxd5 13. Bxd5 Bb4+ 14. Bd2 (14.
Kf1 Bc6 15. Bxc6+ bxc6 $10) 14... Bxd2+ 15. Kxd2 O-O-O 16. Rac1+ Kb8 17. Rc4
Bb5 18. Rxd4 Rxd5 $1 19. Rxd5 Bc6 20. e4 Bxd5 21. exd5 Rd8 {Ftacnik,L} 1/2-1/2

[Event "Balatonbereny GM"]
[Site "Balatonbereny"]
[Date "1995.??.??"]
[Round "3"]
[White "Romanishin, Oleg M"]
[Black "Schlindwein, Rolf"]
[Result "1-0"]
[WhiteElo "2580"]
[BlackElo "2440"]
[Annotator "Ftacnik,L"]
[PlyCount "65"]
[EventDate "1995.08.??"]
[EventType "tourn"]
[EventRounds "11"]
[EventCountry "HUN"]
[EventCategory "11"]
[SourceTitle "CBM 050"]
[Source "ChessBase"]
[SourceDate "1996.02.01"]
[SourceVersion "1"]
[SourceVersionDate "1996.02.01"]
[SourceQuality "1"]

1. d4 d5 2. c4 Bf5 3. cxd5 Bxb1 4. Qa4+ c6 5. Rxb1 Qxd5 6. Nf3 Nd7 7. e3 Nb6 (
7... e6 8. Bd2 (8. b4 Ngf6 9. Qc2 Bd6 10. Be2 O-O 11. O-O Rac8 12. Rd1 Rfd8 13.
Rb3 Bb8 14. Bb2 Qd6 15. e4 Qe7 16. Ba3 e5 17. b5 Qe8 18. bxc6 Rxc6 {Fominyh,
A-Frolov,D/Moscow4 (06)/1995/1-0 (29)}) 8... Nb6 9. Qc2 Nf6 10. Bd3 Be7 11. b4
a6 12. O-O h6 13. e4 Qd8 14. Rfe1 Nbd7 15. Bf4 g5 16. Bg3 O-O 17. Qe2 {
Gruettemeier,U-Wacker,P/NRW-II 9495/1995/0-1 (60)}) 8. Qb3 (8. Qc2 Qxa2 9. Bd3
Nf6 (9... e6 10. O-O Qd5 11. e4 Qd8 12. b4 a6 13. Be3 Nf6 14. h3 Be7 15. g4 h6
16. Ne5 Nfd7 17. f4 Nxe5 18. dxe5 Nd7 19. Bc4 {Onischuk,A-Sakovich,I/EUCup Gr3
Lubniewice (03)/ 1994/1/2-1/2 (62)}) 10. O-O Qd5 11. e4 Qd8 12. e5 Nfd5 13. e6
Qd6 14. exf7+ Kd8 15. Bg5 Nb4 16. Qd2 Nxd3 17. Qxd3 Nd5 {Szabo,Zs-Abel,L/
HUN-chT 9394/1994/1-0 (40)}) 8... Qxb3 9. axb3 e6 (9... Nf6 10. Bd3 e6 (10...
Nbd5 11. O-O e6 12. Ra1 Nb4 13. Bb1 c5 14. e4 cxd4 15. Nxd4 Bc5 16. Ne2 $10 (
16. Nc2 Nc6 $1 17. Re1 O-O-O $15) (16. Be3 $2 Ng4 $17)) 11. e4 Bb4+ 12. Ke2
Nfd7 13. Be3 f6 $10) 10. Ne5 Nd7 11. Nf3 Ngf6 12. g3 Bd6 13. Bg2 Ke7 14. Ke2
Rhd8 15. Rd1 Rac8 16. Ra1 a6 17. Nd2 e5 $5 18. Nc4 Bc7 (18... Bb8 19. Na5 Rc7
20. dxe5 Nxe5 21. Rxd8 Kxd8 22. e4 $14) 19. Na5 Bxa5 20. Rxa5 exd4 21. Rxd4 (
21. exd4 Re8 $10) 21... Nb8 (21... Nf8 22. Rxd8 Rxd8 23. Bd2 Ne6 $14) 22. Re5+
Kf8 23. Bd2 b6 (23... Rxd4 24. exd4 Nbd7 25. Bb4+ Kg8 26. Re7 Re8 27. Rxe8+
Nxe8 28. d5 $14) 24. Rxd8+ Rxd8 25. Rf5 a5 26. b4 $1 axb4 (26... a4 27. b5 Rc8
28. Bc3 $16) 27. Bxb4+ c5 28. Bc3 Ne8 (28... Nbd7 29. Rf4 (29. e4 Ke7 30. Rf3
$14) 29... Ke7 30. Ra4 $14) 29. Rf4 Nc7 $6 (29... b5 30. Rf5 b4 31. Bd2 Nd7 32.
e4 $14) 30. Ra4 b5 (30... Nd7 31. Bc6 $16) 31. Ra7 Ne6 32. Rb7 b4 33. Be5 (33.
Be5 Nd7 (33... Na6 34. Rb6 Nac7 35. Bd6+ Kg8 36. Rc6 $18) 34. Bd6+ Ke8 35. Bc6
$18) 1-0

[Event "Petrov Memorial op"]
[Site "St Petersburg"]
[Date "1996.??.??"]
[Round "1"]
[White "Burmakin, Vladimir"]
[Black "Bakhrakh, Victor"]
[Result "1-0"]
[WhiteElo "2535"]
[BlackElo "2325"]
[Annotator "Ftacnik,L"]
[PlyCount "39"]
[EventDate "1996.02.??"]
[EventType "swiss"]
[EventRounds "9"]
[EventCountry "RUS"]
[SourceTitle "CBM 052"]
[Source "ChessBase"]
[SourceDate "1996.06.01"]
[SourceVersion "1"]
[SourceVersionDate "1996.06.01"]
[SourceQuality "1"]

1. d4 d5 2. c4 Bf5 3. cxd5 Bxb1 4. Qa4+ c6 5. Rxb1 Qxd5 6. Nf3 Nd7 7. a3 Ngf6
8. e3 e6 (8... Qf5 9. Ra1 e5 10. Be2 e4 11. Nd2 Nb6 12. Qc2 Qg6 13. g4 O-O-O
14. h4 Nxg4 15. h5 Qf5 16. Nxe4 Kb8 17. Rh4 Nh6 18. Bd2 Be7 19. Rh1 Ng4 20. Bd3
Qf3 21. Rg1 Bh4 {0-1 Lagunov,A-Hohelj,S/Muenster op (08)/1993/ (32)}) (8... Qe4
9. Ra1 e5 10. Be2 (10. Qc4 exd4 11. Qxd4 Qxd4 12. Nxd4 Bc5 13. Nf5 g6 14. b4
gxf5 15. bxc5 Nxc5 16. Bb2 Ke7 17. a4 Rhd8 18. Ba3 Nfd7 19. Bd3 Kf6 20. Bc2 {
1-0 Blees,A-Rausis,I/Gausdal TM (08)/1993/ (54)}) (10. Bd2 Nc5 11. Qd1 exd4 12.
Nxd4 O-O-O 13. f3 Qe5 14. Qe2 Na4 15. b4 c5 16. Rc1 Kb8 17. Nb3 cxb4 18. axb4
Qb2 19. Qc4 Bd6 20. Qc2 Qxc2 21. Rxc2 Rc8 {0-1 Stempin,P-Rausis,I/Lyngby op 
(03)/1989/ (34)}) 10... Nc5 11. Qd1 exd4 12. Qxd4 (12. exd4 Ne6 13. O-O Bd6 14.
Re1 Qd5 15. Ng5 O-O 16. Bf3 Qc4 17. Be2 Qd5 18. Bf3 {1/2-1/2 Lagunov,A-Bagirov,
V/Berliner Sommer/1993/}) 12... Nb3 13. Qxe4+ Nxe4 14. Rb1 Be7 15. Bc4 Nxc1 16.
Rxc1 Bf6 17. Rc2 Ke7 18. Bd3 Nd6 19. e4 Ke6 20. O-O Rhe8 21. Re2 Bd8 22. e5 Nf5
23. g4 Nh6 24. h3 {Mitkov,M-Rausis,I/Lyon op (07)/1993/1/2-1/2 (87)}) 9. Qc2 (
9. Be2 a5 10. O-O Bd6 11. Nd2 Bc7 12. Bf3 Qd6 13. g3 O-O 14. Qc2 Rfe8 15. Nc4
Qe7 16. e4 b5 17. Ne3 Bb6 18. e5 Nd5 19. Qxc6 Bxd4 20. Nxd5 exd5 21. Qxb5 Nxe5
22. Bxd5 Rab8 23. Qxa5 Qd7 24. Bg2 Nd3 {1/2-1/2 Remlinger,L-Soltis,A/Chicago
opI (05)/1992/ (39)}) 9... Be7 (9... Bd6 10. Bd3 (10. Bc4 Qh5 11. Be2 Qg6 12.
Qxg6 hxg6 13. h3 c5 14. dxc5 Nxc5 15. b4 Nce4 16. Bb2 g5 {1/2-1/2 Osieka,
U-Schuh,H/BL2-S 9293/1993/}) 10... Qh5 11. Bd2 (11. O-O g5 12. Ne5 Nxe5 13.
dxe5 Bxe5 14. f4 gxf4 15. exf4 Ng4 16. h3 Bd4+ 17. Kh1 Qh4 18. Be2 Nf2+ 19. Kh2
Rg8 20. Qb3 O-O-O 21. Qf3 e5 22. Be3 Ng4+ 23. Qxg4+ Rxg4 24. Bxg4+ Kb8 {
0-1 Topalov,V-Chatalbashev,B/BLG-ch (07)/1991/ (36)}) 11... O-O 12. h3 c5 13.
O-O g5 14. e4 g4 15. hxg4 Nxg4 16. e5 Be7 17. Bb5 Rad8 18. Bf4 Kh8 19. Bxd7
Rxd7 20. dxc5 f6 21. Rfe1 fxe5 22. Bg3 Bf6 23. Re4 Rg7 {1-0 Hebden,M-Rahman,
Zil/Dhaka (01)/1995/ (54)}) 10. Bd3 O-O 11. e4 Qh5 (11... Qa5+ 12. Bd2 Qc7 13.
e5 Nd5 14. Bxh7+ $16) 12. Bf4 c5 13. h3 (13. O-O cxd4 14. Nxd4 Rac8 15. Qd1 $10
) 13... cxd4 14. e5 Rac8 (14... Ng4 15. Bxh7+ (15. hxg4 Qxh1+ 16. Ke2 Qxg2 17.
Rg1 Qh3 18. Rg3 Qh1 19. Rg1 $10) 15... Kh8 16. Be4 Rac8 (16... Ngxe5 $2 17.
Nxe5 Nxe5 18. g4 d3 19. Qc7 $18) 17. Qe2 Nc5 $14) 15. Qd1 Nc5 $6 (15... Ng4 16.
Nh2 (16. O-O Nh6 17. Nxd4 $14) 16... Ngxe5 17. Qxh5 Nxd3+ 18. Kf1 Nxf4 19. Qf3
$14) 16. exf6 Bxf6 17. O-O e5 $2 (17... Nxd3 18. Qxd3 Rfd8 19. Rfe1 $16) 18.
Nxe5 $1 Qxd1 19. Rfxd1 g5 20. Ng4 (20. Bg3 $18) 1-0

[Event "Salamanca"]
[Site "Salamanca"]
[Date "1990.??.??"]
[Round "3"]
[White "Chiburdanidze, Maia"]
[Black "Rodriguez Vargas, Orestes"]
[Result "0-1"]
[WhiteElo "2470"]
[BlackElo "2500"]
[Annotator "Ftacnik,L"]
[PlyCount "50"]
[EventDate "1990.02.??"]
[EventType "tourn"]
[EventRounds "9"]
[EventCountry "ESP"]
[EventCategory "9"]
[SourceTitle "CBM 018"]
[Source "ChessBase"]
[SourceDate "1990.10.01"]
[SourceVersion "1"]
[SourceVersionDate "1990.10.01"]
[SourceQuality "1"]

1. d4 Nf6 2. Nf3 d5 3. e3 Bf5 4. c4 e6 (4... c6 5. Nc3 e6 6. Bd3) 5. Qb3 Qc8 6.
Nc3 c6 7. Bd2 Nbd7 8. Rc1 Qb8 (8... Be7 9. Nh4 Bg6 10. Nxg6 hxg6 11. g3 (11.
cxd5 exd5 12. e4 dxe4 13. Bc4 O-O) 11... O-O 12. Bg2 $14) 9. Nh4 Bg6 (9... Bg4
10. h3 Bh5 11. g4 Bg6 12. Nxg6 hxg6 13. Bg2) 10. cxd5 exd5 11. Nxg6 hxg6 12. e4
Bd6 $5 (12... dxe4 13. Bc4 {x f7}) 13. exd5 (13. e5 Bxe5 14. dxe5 Qxe5+ 15. Ne2
$8 (15. Be3 d4) (15. Be2 Nc5 16. Qc2 d4 17. Nb1 d3) (15. Kd1 Ng4) 15... O-O-O
16. Bf4 Qe6 $40) 13... c5 $5 (13... cxd5 14. Nxd5 Nxd5 15. Qxd5 $16) 14. dxc5
Nxc5 15. Bb5+ Kf8 16. Qc2 Qd8 (16... Bxh2 $6 17. Be3 $36) 17. Be2 Qe7 18. Nb5
$6 (18. Be3 {/\ Rd1}) 18... Re8 19. Be3 Nce4 20. Rd1 $2 (20. Nxd6 Qxd6 21. Bc5
(21. f3 Qb4+ 22. Kd1 Nxd5) 21... Nxc5 22. Qxc5 Qxc5 23. Rxc5 b6 24. Rc2 Nxd5)
20... Bb4+ 21. Nc3 (21. Kf1 Ng3+ 22. fxg3 Qxe3 $40) 21... Qe5 22. Bd4 (22. f4
Bxc3+ 23. bxc3 Qxc3+ 24. Qxc3 Nxc3 25. Rd3 Nfxd5) 22... Rxh2 $1 23. Rg1 (23.
Bxe5 Rxh1+ 24. Bf1 Rxe5 $19) 23... Qf5 24. Qb3 (24. f3 Nxc3 25. Qxf5 Nxe2+ $19)
24... Nxd5 25. Rd3 (25. a3 Ndxc3 26. bxc3 Bxc3+) 25... Nexc3 {Ftacnik,L} 0-1

[Event "Vinkovci"]
[Site "Vinkovci"]
[Date "1989.??.??"]
[Round "?"]
[White "Kozul, Zdenko"]
[Black "Klaric, Zlatko"]
[Result "1/2-1/2"]
[WhiteElo "2560"]
[BlackElo "2445"]
[Annotator "Ftacnik,L"]
[PlyCount "30"]
[EventDate "1989.10.??"]
[EventType "tourn"]
[EventRounds "11"]
[EventCountry "YUG"]
[EventCategory "7"]
[SourceTitle "CBM 016"]
[Source "ChessBase"]
[SourceDate "1990.06.01"]
[SourceVersion "1"]
[SourceVersionDate "1990.06.01"]
[SourceQuality "1"]

1. d4 d5 2. c4 Bf5 3. cxd5 Bxb1 4. Qa4+ c6 5. Rxb1 Qxd5 6. Nf3 (6. e3 Nd7 7.
Ne2 Nb6 8. Qc2 e5 9. Nc3 Qe6 10. dxe5 Qxe5 11. Be2 f5 12. O-O Nf6 13. b4 Bd6
14. f4 Qe6 15. Bd3 g6 16. e4 $16 {Lerner,K-Klaric,Z/Palma GMA-op/1989/0-1/32/
-> TD 1989/12}) 6... Nd7 7. Bd2 Nb6 (7... e6 8. e3 Nb6 9. Qc2 Qxa2 10. Bd3 Qd5
11. Bxh7 Nf6 12. Bd3 $13 {Dautov,R-Malaniuk,V/Sverdlovsk/1989/1-0/41/}) 8. Qc2
(8. Qa5 Nc4 9. Qxd5 cxd5 10. e3 Nxd2 11. Bb5+ Kd8 12. Kxd2 e6 13. Ne5 Bb4+ 14.
Ke2 Ke7 $10 {Farago,I-Klaric,Z/Genova/1989/1-0/56/}) 8... Nf6 9. a3 Ne4 10. Rd1
g5 $5 11. e3 g4 12. Ne5 Bg7 13. Nxg4 h5 14. Ne5 Bxe5 15. dxe5 O-O-O $36 {
Ftacnik} 1/2-1/2

[Event "Hoogovens op"]
[Site "Wijk aan Zee"]
[Date "1993.01.??"]
[Round "4"]
[White "Gelfand, Boris"]
[Black "Wolff, Patrick G"]
[Result "1-0"]
[WhiteElo "2690"]
[BlackElo "2580"]
[Annotator "Ftacnik,L"]
[PlyCount "63"]
[EventDate "1993.01.??"]
[EventType "swiss"]
[EventRounds "12"]
[EventCountry "NED"]
[SourceTitle "CBM 034"]
[Source "ChessBase"]
[SourceDate "1993.06.01"]
[SourceVersion "1"]
[SourceVersionDate "1993.06.01"]
[SourceQuality "1"]

1. d4 d5 2. Nf3 Nf6 3. c4 c5 4. cxd5 cxd4 5. Qxd4 Qxd5 6. Nc3 Qa5 $6 (6... Qxd4
7. Nxd4) 7. b4 $5 Qh5 8. Ne5 $1 (8. Qe5 Qxe5 9. Nxe5 Nbd7 10. Nb5 Nxe5 11. Nc7+
Kd8 12. Nxa8 $13) 8... Nc6 (8... Nbd7 9. f4 $1 $16) (8... Bd7 9. b5 $1 $16) (
8... Nfd7 $5 9. Nxd7 (9. Qc4 Na6 $13) 9... Bxd7 10. b5 $36) 9. Nxc6 bxc6 10. e4
e5 11. Qc4 Bd7 12. Be3 Qg4 $6 (12... a5 $1 13. bxa5 Rxa5 14. Be2 Qg6 15. O-O
Ba3 $1 $14 (15... Be7 16. Bb6 Ra8 17. Bc5)) 13. a3 Be7 $6 (13... a5 14. f3 Qe6
15. Qxe6+ Bxe6 16. b5 $14) 14. f3 Qh4+ (14... Qe6 15. Qxe6 Bxe6 16. Ba6 $16)
15. g3 Qh5 16. Be2 (16. g4 $142 $1 Qg6 (16... Qh4+ 17. Bf2 Qg5 18. h4 Qf4 19.
Rh3 $16) 17. h4 h6 18. h5 $16) 16... Qh3 (16... O-O 17. O-O (17. g4 Qg6 18. h4
h5 $1 19. g5 Ne8 $132) 17... a5 18. bxa5 Rxa5 $14) 17. Bc5 $1 Qe6 (17... Be6
18. Qa6 $16) (17... Bxc5 18. Qxc5 Qe6 19. Bc4 Qe7 20. Na4 $16) 18. Na4 $1 Qxc4
19. Bxc4 Bxc5 20. Nxc5 a5 21. Kf2 Ke7 $6 (21... axb4 22. axb4 O-O $16) 22. Nd3
Rhb8 23. Nxe5 axb4 24. axb4 Rxa1 25. Rxa1 Rxb4 26. Bxf7 Rb2+ (26... Rb5 27.
Nxd7 $18) 27. Kg1 (27. Ke3 Rxh2 $14) 27... Bh3 28. Ra2 Rb1+ 29. Kf2 g5 (29...
Nxe4+ 30. fxe4 Kf6 31. Nf3 Kxf7 32. Ng5+ $18) 30. Bc4 c5 31. Ra7+ Bd7 32. Nd3
1-0

[Event "Moscow5"]
[Site "Moscow"]
[Date "1991.??.??"]
[Round "?"]
[White "Kuzmin, Alexey"]
[Black "Shirov, Alexei"]
[Result "1/2-1/2"]
[WhiteElo "2520"]
[BlackElo "2610"]
[Annotator "Ftacnik,L"]
[PlyCount "39"]
[EventDate "1991.05.??"]
[EventType "tourn"]
[EventRounds "11"]
[EventCountry "URS"]
[EventCategory "10"]
[SourceTitle "CBM 026"]
[Source "ChessBase"]
[SourceDate "1992.02.01"]
[SourceVersion "1"]
[SourceVersionDate "1992.02.01"]
[SourceQuality "1"]

1. d4 d5 2. c4 Bf5 3. cxd5 Bxb1 4. Qa4+ c6 5. dxc6 $5 {N} (5. Rxb1) 5... Nxc6
6. Rxb1 e5 (6... Qxd4 7. Qxd4 Nxd4 8. Nf3 (8. e3 Nc6 9. Bb5 Rc8 10. Nf3 e6 $10)
8... Nc2+ $5 9. Kd1 Nb4 10. Bd2 e6 $10) 7. Bd2 Qxd4 (7... exd4 8. g3 $14) 8.
Qxd4 Nxd4 9. Nf3 (9. e3 Nc6 10. Bb5 Bd6 11. Bxc6+ bxc6 12. Nf3 $14) 9... Nc6
10. e4 Nf6 $1 (10... Bd6 11. b4 $1 Nf6 12. b5 Ne7 13. Bd3 $16) 11. Bb5 Nxe4 12.
Bxc6+ $1 (12. Nxe5 O-O-O $1 13. Bxc6 Nxd2 14. Bd7+ Rxd7 15. Rc1+ Rc7 16. Rxc7+
Kxc7 17. Nxf7 Rg8 18. Kxd2 Bb4+ 19. Ke2 Re8+ $10) 12... bxc6 13. Nxe5 Bc5 14.
Be3 (14. Nd3 $2 O-O-O 15. Nxc5 Nxd2 $19) (14. f3 Nf2 15. Rf1 O-O-O $1 $40)
14... Bxe3 15. fxe3 c5 16. Ke2 f5 17. Rbc1 O-O-O $1 (17... Ke7 18. Rc4 $14) 18.
Nd3 Rd5 19. Nxc5 (19. b4 Rhd8 20. Rhd1 Kc7 21. bxc5 g5 $1 $15) 19... Nxc5 20.
b4 {Ftacnik,L} (20. b4 Kc7 21. Rc2 Rb8 $1 22. bxc5 Rb5 23. Rhc1 Kc6 $10)
1/2-1/2

[Event "URS-sf Ukraine-ch"]
[Site "Kherson"]
[Date "1989.??.??"]
[Round "?"]
[White "Novikov, Igor A"]
[Black "Malaniuk, Vladimir P"]
[Result "1/2-1/2"]
[WhiteElo "2500"]
[BlackElo "2560"]
[Annotator "Ftacnik,L"]
[PlyCount "40"]
[EventDate "1989.11.??"]
[EventType "tourn"]
[EventRounds "15"]
[EventCountry "URS"]
[EventCategory "7"]
[SourceTitle "CBM 016"]
[Source "ChessBase"]
[SourceDate "1990.06.01"]
[SourceVersion "1"]
[SourceVersionDate "1990.06.01"]
[SourceQuality "1"]

1. d4 d5 2. c4 Bf5 3. cxd5 Bxb1 4. Qa4+ c6 5. dxc6 Nxc6 6. Rxb1 e5 7. Bd2 exd4
(7... Qxd4 8. Qxd4 exd4 9. g3 Bc5 10. Bg2 Bb6 11. Nh3 Nf6 12. O-O O-O 13. Rfc1
Rac8 $10 {Novikov,I-Malaniuk,V/Budapest Perenyi-B/1989/ - /23/}) 8. g3 Bc5 9.
Bg2 Nge7 10. Nh3 O-O 11. O-O Re8 12. Nf4 Bb6 13. Rbc1 Rc8 14. Rc2 Ng6 15. Rfc1
Nxf4 16. Bxf4 h6 17. Rd1 Qf6 18. Bxc6 Rxc6 19. Rxc6 bxc6 20. Qc4 d3 $1 $10 {
Ftacnik} 1/2-1/2